| 000 | 00000nam##2200000za#4500 |
| 001 | 9.558037 |
| 003 | CaOODSP |
| 005 | 20230131161132 |
| 007 | cr ||||||||||| |
| 008 | 150406|2002||||xxc|||||o f|0| 0 eng|d |
| 020 | |a0-662-31504-9 |
| 022 | |a1701-4387 |
| 040 | |aCaOODSP|beng |
| 043 | |an-cn--- |
| 086 | 1 |aM44-2002/C3E-IN |
| 110 | 2 |aGeological Survey of Canada. |
| 245 | 10|aField-based feasibility study of teleseismic surveys at high northern latitudes, Northwest Territories and Nunavut / |h[electronic resource]|c[by] D. Snyder, I. Asudeh, F. Darbyshire, and J. Drysdale. |
| 260 | |aOttawa - Ontario : |bNatural Resources Canada. |c2002. |
| 300 | |a12p.|bcoloured maps, figs., graphs, references, tables, photographs |
| 490 | 1 |aCurrent research 2002|x1701-4387|v2002-C3 |
| 546 | |a(Résumé en français.) |
| 590 | |a13-28-Supp|b2013-12-09 |
| 830 | #0|aCurrent research (Geological Survey of Canada)|x1701-4387|v2002-C3|w(CaOODSP)9.506236 |
| 856 | 40|ahttp://publications.gc.ca|qPDF|s4.17 MB|uhttps://publications.gc.ca/collections/collection_2013/rncan-nrcan/M44-2002-C3-eng.pdf|y2002-C3 |